<?xml version="1.0" encoding="UTF-8"?>
<collection xmlns="http://www.loc.gov/MARC21/slim">
  <record>
    <leader>00000nam  2200000   4500</leader>
    <controlfield tag="001">$a INLIS000000000008403</controlfield>
    <controlfield tag="005">$a 20260604145959</controlfield>
    <controlfield tag="008">$a 260604################g##########0#ind##</controlfield>
    <datafield tag="022" ind1="#" ind2="#">
      <subfield code="a">979-448-678-7</subfield>
    </datafield>
    <datafield tag="035" ind1="#" ind2="#">
      <subfield code="a">0010-0626000030</subfield>
    </datafield>
    <datafield tag="082" ind1="#" ind2="#">
      <subfield code="a">618.2</subfield>
    </datafield>
    <datafield tag="084" ind1="#" ind2="#">
      <subfield code="a">618.2 GRA b</subfield>
    </datafield>
    <datafield tag="100" ind1="1" ind2="#">
      <subfield code="a">Graber A. Mark</subfield>
    </datafield>
    <datafield tag="245" ind1="#" ind2="#">
      <subfield code="a">Buku Saku Dokter Keluarga</subfield>
      <subfield code="b">-</subfield>
      <subfield code="c">Graber A. Mark</subfield>
    </datafield>
    <datafield tag="247" ind1="#" ind2="#">
      <subfield code="a"/>
    </datafield>
    <datafield tag="260" ind1="#" ind2="#">
      <subfield code="a">Jakarta</subfield>
      <subfield code="b">EGC</subfield>
      <subfield code="c">1996</subfield>
    </datafield>
    <datafield tag="300" ind1="#" ind2="#">
      <subfield code="a">xxx, 867 hlm</subfield>
      <subfield code="b">ilus</subfield>
      <subfield code="c">21cm</subfield>
      <subfield code="e"/>
    </datafield>
    <datafield tag="310" ind1="#" ind2="#">
      <subfield code="a"/>
    </datafield>
    <datafield tag="321" ind1="#" ind2="#">
      <subfield code="a"/>
    </datafield>
    <datafield tag="520" ind1=" " ind2="#">
      <subfield code="a">buku ini berisi informasi lengkap dan mendalam yang dibutuhkan untuk penegakan diagnosis dan pengobatan penyakit yang lazim terjadi</subfield>
    </datafield>
    <datafield tag="650" ind1=" " ind2="#">
      <subfield code="a">kebidanan</subfield>
    </datafield>
    <datafield tag="700" ind1=" " ind2="#">
      <subfield code="a">Herting L. Robert</subfield>
    </datafield>
    <datafield tag="700" ind1=" " ind2="#">
      <subfield code="a">Toth P. Peter</subfield>
    </datafield>
    <datafield tag="856" ind1="#" ind2="#">
      <subfield code="a"/>
    </datafield>
    <controlfield tag="Wor">$a 1</controlfield>
  </record>
</collection>
